000 00776nam a22002657a 4500
001 4482
003 FISKH
005 20240911165911.0
008 240911b cb ||||| |||| 00| 0 eng d
020 _a9780525475828
040 _aFISKH
_beng
_cFISKH
050 _aPZ7.L6622
082 _2334
100 _aLinenthal, Peter
245 _aLook at the animals ! /
_cby Peter Linenthal
260 _aNew York :
_bDotton Childrens' Book ;
_c2006.
300 _a14 unnumbered pages :
_bcolor illustrations ;
_c17 cm .
505 _aB
520 _aSimple text introduces the activities of various animals.
521 8 _a60
_bLexile estimate
521 8 _aB
_bRaz-Plus
650 _ablack and white
_vboard book
942 _2ddc
_cBK
_n0
999 _c4482
_d4482